Fyzika 1 : Metodické pokyny pre riadené samostatné štúdium /

Na minha lista:
Detalhes bibliográficos
Autor principal: Náter, Ivan (Author)
Formato: Livro
Idioma:eslovaco
Publicado em: Bratislava : STU v Bratislave, 1991
Edição:1.vyd.
Tags: Adicionar Tag
Sem tags, seja o primeiro a adicionar uma tag!

MARC

LEADER 00000nam a22000003a 4500
001 stu913
005 20150617225622.0
008 911219s1991----cs------------------slo-d
020 |a 80-227-0401-6 
040 |a STU  |b slo 
041 0 |a slo 
044 |a cs 
080 |a 53(075.8) 
100 1 |a Náter, Ivan  |4 aut 
245 1 |a Fyzika 1 :  |b Metodické pokyny pre riadené samostatné štúdium /  |c [aut.] Náter,Ivan 
250 |a 1.vyd. 
260 |a Bratislava :  |b STU v Bratislave,  |c 1991 
300 |a 69 s 
996 |b E75187  |c E*75187  |l EE01  |s A  |a 24  |w stu913_0001